Partial purification and characterisation of glutamate dehydrogenase from the sipunculid, Phascolosoma arcuatum /
Saved in:
| Main Author: | |
|---|---|
| Format: | Thesis Book |
| Language: | English |
| Published: |
1990.
|
| Subjects: | |
| Tags: |
Add Tag
No Tags, Be the first to tag this record!
|
| LEADER | 00830cam a2200229 a 4500 | ||
|---|---|---|---|
| 001 | u334503 | ||
| 003 | SIRSI | ||
| 008 | 930920s1990 si v 00 1 eng m | ||
| 035 | |a ABP-9030 | ||
| 040 | |a UMM | ||
| 090 | |a QP603 |b D4Kri | ||
| 100 | 0 | 0 | |a Krishnaveni Pasupathi. |
| 245 | 1 | 0 | |a Partial purification and characterisation of glutamate dehydrogenase from the sipunculid, Phascolosoma arcuatum / |c Krishnaveni Pasupathi. |
| 260 | |c 1990. | ||
| 300 | |a vi, 117 leaves : |b ill. ; |c 30 cm. | ||
| 502 | |a Dissertation (M.Sc.) -- National University of Singapore, 1990. | ||
| 504 | |a Bibliography: leaves 78-92. | ||
| 650 | 0 | |a Glutamate dehydrogenase. | |
| 650 | 0 | |a Phascolosoma arcuatum |x Physiology. | |
| 948 | |a 20/09/1993 |b 20/08/2002 | ||
| 596 | |a 1 | ||
| 999 | |a QP603 D4KRI |w LC |c 1 |i A504469570 |d 9/7/1998 |l STACKS |m P01UTAMA |n 2 |r Y |s Y |t TESIS |u 1/11/1993 | ||
